| 000 | 00662nam a22002177a 4500 | ||
|---|---|---|---|
| 003 | AR-RoUNCS | ||
| 005 | 20251105115121.0 | ||
| 008 | 251105t1995 en |||||r|||| 00| f eng d | ||
| 020 | _a978-058-208-138-3 | ||
| 040 |
_aAR-RoUNCS _cAR-RoUNCS |
||
| 080 | _0821.111-32 | ||
| 100 | 1 |
_aAnderson, Cris. _eautor |
|
| 245 | 1 | 0 |
_aWanted : _bAnna Marker / _cKris Anderson ; illustrations by Gary Long. |
| 260 |
_aHarlow, England : _bLongman Group Limited, _cc1995. |
||
| 300 |
_a32 p. ; _c20 cm. |
||
| 490 | 0 | _aLongman Originals Stage 2. | |
| 650 | 4 | _aLITERATURA INGLESA | |
| 650 | 4 |
_aINGLÉS _vLIBROS DE LECTURA |
|
| 655 | 4 | _aNOVELA POLICÍACA | |
| 942 |
_2udc _cLPD _n0 |
||
| 999 |
_c687 _d687 |
||